| 000 | 01170nam a2200253 i 4500 | ||
|---|---|---|---|
| 001 | 78407 | ||
| 003 | ES-MaACL | ||
| 005 | 20230906173707.0 | ||
| 007 | t| | ||
| 008 | 041014m19061916fr ||||1| fre d | ||
| 100 | 1 |
_aHauser, Henri. _962113 |
|
| 245 | 1 | 4 |
_aLes sources de l'histoire de France XVIe siècle (1494-1610) / _cpar Henri Hauser. |
| 260 |
_aParis : _b[s.n., _c1906-1916] ( _eValence : _fImp. Valentinoise) |
||
| 300 |
_a4 v. ; _c23 cm. |
||
| 505 | 8 | _aContiene: I. Les premièrez guerres d'Italie. Charles VIII et Louis XII (1494-1515) - II. François I et Henri II (1515-1559) - III: Les guerres de religion (1559-1589) - IV. Henri IV (1589-1610) | |
| 651 | 4 |
_aFrancia- _xHistoria- _y1498-1515, Luis XII. _9172748 |
|
| 651 | 4 |
_aFrancia- _xHistoria- _y1515-1547, Francisco I. _9172749 |
|
| 651 | 4 |
_aFrancia- _xHistoria- _y1547-1559, Enrique II. _9172750 |
|
| 651 | 4 |
_aFrancia- _xHistoria- _y1559-1560, Francisco II. _9172751 |
|
| 651 | 4 |
_aFrancia- _xHistoria- _y1560-1574, Carlos IX. _9172752 |
|
| 651 | 4 |
_aFrancia- _xHistoria- _y1562-1598, Guerras de religión. _98680 |
|
| 651 | 4 |
_aFrancia- _xHistoria- _y1598-1610, Enrique IV. _98681 |
|
| 852 |
_aES-MaACL _jB-1314-17 |
||
| 999 |
_c78407 _d78407 |
||